000 00634nam a2200193Ia 4500
003 IN-BaIIA
008 211028s9999 xx 000 0 eng d
020 _a3-540-60172-4
040 _cIIA Library
080 _a048.1:52
_b62B
100 _aBurkhardt, G
245 0 _aAstronomy & Astrophysics Abstracts vol.62B Literature 1994
_bpt. 2
_cG. Burkhardt, U. Esser and H. Hefele
260 _aBerlin
_bSpringer-Verlag
_c1995
300 _aviii, 597-1500
650 _aAstronomy
_980
650 _aAstronomy and Astrophysics Abstracts
_96052
650 _aAstrophysics
_9794
942 _cBK
999 _c11609
_d11609